<?xml version="1.0" encoding="UTF-8"?>
<record
    xmlns:xsi="http://www.w3.org/2001/XMLSchema-instance"
    xsi:schemaLocation="http://www.loc.gov/MARC21/slim http://www.loc.gov/standards/marcxml/schema/MARC21slim.xsd"
    xmlns="http://www.loc.gov/MARC21/slim">

  <leader>01062nam a2200253 a 4500</leader>
  <controlfield tag="001">BRCA_6910</controlfield>
  <controlfield tag="005">20190320205634.0</controlfield>
  <controlfield tag="008">161111s1920----gw-c######---#000-0#ger-#</controlfield>
  <datafield tag="041" ind1=" " ind2=" ">
    <subfield code="a">ger</subfield>
  </datafield>
  <datafield tag="044" ind1=" " ind2=" ">
    <subfield code="a">gw</subfield>
  </datafield>
  <datafield tag="050" ind1=" " ind2="4">
    <subfield code="a">DD218</subfield>
    <subfield code="b">.F87 1920</subfield>
  </datafield>
  <datafield tag="245" ind1="1" ind2="0">
    <subfield code="a">F&#xFC;rst Bismarcks entlassung</subfield>
    <subfield code="b">nach den hinterlassenen, bisher unver&#xF6;ffentlichten aufzeichnungen des staatssekret&#xE4;rs des innern, staatsministers dr. Karl Heinrich von Boetticher und des chefs der Reichskanzlei unter dem f&#xFC;rsten Bismarck dr. Franz Johannes von Rottenburg</subfield>
    <subfield code="c">herausgegeben von Georg Freiherrn von Eppstein.</subfield>
  </datafield>
  <datafield tag="260" ind1=" " ind2=" ">
    <subfield code="a">Berl&#xED;n</subfield>
    <subfield code="b">A. Scherl</subfield>
    <subfield code="c">c1920</subfield>
  </datafield>
  <datafield tag="300" ind1=" " ind2=" ">
    <subfield code="a">237 p.</subfield>
    <subfield code="b">il.</subfield>
    <subfield code="c">23 cm.</subfield>
  </datafield>
  <datafield tag="500" ind1=" " ind2=" ">
    <subfield code="a">Estado f&#xED;sico: lomo mutilado</subfield>
  </datafield>
  <datafield tag="500" ind1=" " ind2=" ">
    <subfield code="a">O106</subfield>
  </datafield>
  <datafield tag="600" ind1="1" ind2="4">
    <subfield code="a">Bismarck, Otto, Furst von</subfield>
    <subfield code="d">1815-1898</subfield>
    <subfield code="9">17211</subfield>
  </datafield>
  <datafield tag="651" ind1=" " ind2="4">
    <subfield code="a">Alemania</subfield>
    <subfield code="x">Pol&#xED;tica y gobierno</subfield>
    <subfield code="y">1871</subfield>
    <subfield code="9">17212</subfield>
  </datafield>
  <datafield tag="700" ind1="1" ind2=" ">
    <subfield code="a">Boetticher, Karl Heinrich von</subfield>
    <subfield code="f">1833-1907</subfield>
    <subfield code="9">17213</subfield>
  </datafield>
  <datafield tag="700" ind1="1" ind2=" ">
    <subfield code="a">Rottenburg, Franz Johannes von</subfield>
    <subfield code="d">1845-1907</subfield>
    <subfield code="9">17214</subfield>
  </datafield>
  <datafield tag="700" ind1="1" ind2=" ">
    <subfield code="a">Eppstein, Georg, Freiherrn von</subfield>
    <subfield code="e">ed.</subfield>
    <subfield code="9">17215</subfield>
  </datafield>
  <datafield tag="902" ind1=" " ind2=" ">
    <subfield code="a">GFM</subfield>
  </datafield>
  <datafield tag="942" ind1=" " ind2=" ">
    <subfield code="2">lcc</subfield>
    <subfield code="c">B</subfield>
  </datafield>
  <datafield tag="999" ind1=" " ind2=" ">
    <subfield code="c">6592</subfield>
    <subfield code="d">6592</subfield>
  </datafield>
  <datafield tag="952" ind1=" " ind2=" ">
    <subfield code="0">0</subfield>
    <subfield code="1">0</subfield>
    <subfield code="4">0</subfield>
    <subfield code="7">0</subfield>
    <subfield code="a">BRCA</subfield>
    <subfield code="b">BRCA</subfield>
    <subfield code="d">2011-11-16</subfield>
    <subfield code="i">O106</subfield>
    <subfield code="l">0</subfield>
    <subfield code="o">DD218 .F87 1920 (O106)</subfield>
    <subfield code="p">7357</subfield>
    <subfield code="r">2019-03-22 00:00:00</subfield>
    <subfield code="w">2019-03-22</subfield>
    <subfield code="y">B</subfield>
  </datafield>
</record>
